Über das hirnanatomische Substrat des Rechentalentes
Elmentve itt :
| Szerző: | |
|---|---|
| Dokumentumtípus: | Cikk |
| Megjelent: |
1932
|
| Sorozat: | Kolligátum
|
| Kulcsszavak: | Neuroanatómia |
| Online Access: | http://misc.bibl.u-szeged.hu/25699 |
| LEADER | 00552nab a2200169 i 4500 | ||
|---|---|---|---|
| 001 | misc25699 | ||
| 005 | 20191108150345.0 | ||
| 008 | 171130s1932 hu o 0|| zxx d | ||
| 040 | |a SZTE Miscellanea Repozitórium |b hun | ||
| 041 | |a zxx | ||
| 100 | 1 | |a Sántha Kálmán | |
| 245 | 1 | 0 | |a Über das hirnanatomische Substrat des Rechentalentes |h [elektronikus dokumentum] / |c Sántha Kálmán |
| 260 | |c 1932 | ||
| 300 | |a 313-338 | ||
| 490 | 0 | |a Kolligátum | |
| 695 | |a Neuroanatómia | ||
| 856 | 4 | 0 | |u http://misc.bibl.u-szeged.hu/25699/1/017_022_313-338.pdf |z Dokumentum-elérés |